Statistics for Naismith Award Winners Quiz

Click here to take the quiz!

General Stats

  • This quiz has been taken 11,936 times
    (409 since last reset)
  • The average score is 26 of 48

Answer Stats

Year School Player % Correct
1984North CarolinaMichael Jordan
92%
1991UNLVLarry Johnson
87%
1977UCLAMarques Johnson
87%
1979Indiana StateLarry Bird
86%
1987NavyDavid Robinson
79%
1994PurdueGlenn Robinson
79%
1969UCLALew Alcindor
78%
2007TexasKevin Durant
78%
2002DukeJason Williams
76%
1985GeorgetownPatrick Ewing
75%
1997Wake ForestTim Duncan
72%
1995MarylandJoe Smith
70%
2012KentuckyAnthony Davis
69%
2009OklahomaBlake Griffin
67%
1992DukeChristian Laettner
67%
2019DukeZion Williamson
67%
1972, 1973, 1974UCLABill Walton
65%
1981, 1982, 1983VirginiaRalph Sampson
59%
2011BYUJimmer Fredette
55%
1988KansasDanny Manning
54%
1971Notre DameAustin Carr
54%
1996MassachusettsMarcus Camby
53%
1970LSUPete Maravich
52%
1975N.C. StateDavid Thompson
50%
2000CincinnatiKenyon Martin
49%
2005UtahAndrew Bogut
48%
1999DukeElton Brand
48%
2015WisconsinFrank Kaminsky
47%
2014CreightonDoug McDermott
45%
2016OklahomaBuddy Hield
45%
2008North CarolinaTyler Hansbrough
45%
2013MichiganTrey Burke
44%
2020DaytonObi Toppin
43%
2006DukeJ. J. Redick
43%
2001DukeShane Battier
41%
2004St. Joseph'sJameer Nelson
40%
2018VillanovaJalen Brunson
39%
2010Ohio StateEvan Turner
39%
2017KansasFrank Mason III
38%
1980DePaulMark Aguirre
38%
1998North CarolinaAntawn Jamison
38%
1986DukeJohnny Dawkins
37%
1990La SalleLionel Simmons
37%
2003TexasT. J. Ford
37%
1989DukeDanny Ferry
36%
1993IndianaCalbert Cheaney
35%
1976IndianaScott May
33%
1978MarquetteButch Lee
32%

Score Distribution

Percentile by Number Answered

Percent of People with Each Score

Your Score History

You have not taken this quiz since the last reset